000 00952nam a2200229 a 4500
999 _c11192
_d11192
001 11192
003 BD-JhCC
005 20190806151709.0
008 190806s2014 bg a|||| |||| 000 0 ben d
020 _a9840753274
035 _a(BD-JhCC)11192
040 _aBD-JhCC
_dBD-JhCC
041 _aben
082 _a398.1
_bBAN 2014
245 _aবাংলা একাডেমী বাংলাদেশের লোকজ সংস্কৃতি গ্রন্থমালা :
_bসিলেট /
_cসম্পাদনায় শামসুজ্জামান খান
260 _aঢাকা :
_bবাংলা একাডেমী,
_c২০১৪.
300 _a৩৫০ পৃ. :
_bচিত্রাবলী সংযোজিত;
_c২২ সেমি.
504 _aগ্রন্থপঞ্জি সংবলিত
650 _aFolklore
700 _aখান, শামসুজ্জামান
942 _2ddc
_cBK